000 00306nam a22001337a 4500
008 170615b xxu||||| |||| 00| 0 eng d
020 _a9781592602858
041 _aeng
080 _a32
100 _a19
101 _aSHP
245 _aTHE CHANGING AMERICAN PRESIDENCY
_cWATERMAN.R
942 _2udc
_cBK
999 _c17528
_d17528